000 01143nam a2200277Ia 4500
999 _c38454
_d38454
001 4466
003 GE_BSU
005 20190517153641.0
008 181216s1983|||| |||||||||||||| ||geo||
040 _cGE_BSU
041 _ageo
080 _a532.625.718(072) ჰ–58
245 _aჰიდრავლიკურ გაანგარიშებათა მაგალითები : სახელმძღვ. /
_cა. პაპაშვილი ; ნ. კუჭაიძე ; ვ. გოთუა ; ი. ქადარია ; რედ : ე. გიორგაძე.
260 _aთბ.
260 _bსპი.
260 _c1983.
300 _a10 გვ .:
_c20 სმ.
653 _aჰიდრავლიკურ გაანგარიშებათა მაგალითები
653 _aფიზიკა
700 _aპაპაშვილი,ა
_91255
700 _aუჭაიძე,ნ
_91306
700 _aგოთუა,ვ
_91307
700 _aქადარია,ი
_91308
700 _aგიორგაძე, ე
_eრედაქტორი
_9398
942 _cBK
_2udc